Loading...

Sectoral paper on soil water and crop management

Bibliographic Details
Other Authors: NABARD
Format: Report
Published: Mumbai Farm Sectoral Policy Department NABARD 2018
Subjects:
LEADER 00493nam a22001577a 4500
003 OSt
999 |c 195058  |d 195058 
082 |a NABARD/SP 
245 |a Sectoral paper on soil water and crop management 
260 |a Mumbai  |b Farm Sectoral Policy Department NABARD  |c 2018 
300 |a 48p. 
546 |a English 
650 |a Sectoral paper 
700 |a NABARD 
942 |2 ddc  |c REP 
952 |0 0  |1 0  |2 ddc  |4 0  |6 NABARD_SP  |7 0  |9 202396  |a KAUCLV  |b KAUCLV  |c REPORTS  |d 2020-11-09  |o NABARD/SP  |p 810969  |r 2020-11-09  |w 2020-11-09  |y REP